<?xml version="1.0" encoding="UTF-8"?>
<record
    xmlns:xsi="http://www.w3.org/2001/XMLSchema-instance"
    xsi:schemaLocation="http://www.loc.gov/MARC21/slim http://www.loc.gov/standards/marcxml/schema/MARC21slim.xsd"
    xmlns="http://www.loc.gov/MARC21/slim">

  <leader>00619nam a22002057a 4500</leader>
  <datafield tag="999" ind1=" " ind2=" ">
    <subfield code="c">524579</subfield>
    <subfield code="d">524579</subfield>
  </datafield>
  <controlfield tag="003">NUST</controlfield>
  <controlfield tag="005">20190624065950.0</controlfield>
  <controlfield tag="008">190624b           ||||| |||| 00| 0 eng d</controlfield>
  <datafield tag="020" ind1=" " ind2=" ">
    <subfield code="a">978-969-9906-00-8</subfield>
  </datafield>
  <datafield tag="038" ind1=" " ind2=" ">
    <subfield code="a">waseem</subfield>
  </datafield>
  <datafield tag="082" ind1=" " ind2=" ">
    <subfield code="a">920 </subfield>
    <subfield code="b">YUS</subfield>
  </datafield>
  <datafield tag="100" ind1=" " ind2=" ">
    <subfield code="a">Fehmida Shuakat Yusaf</subfield>
    <subfield code="9">15382</subfield>
  </datafield>
  <datafield tag="245" ind1=" " ind2=" ">
    <subfield code="a">Yadood ki guzar gah ka khushgawar safar /</subfield>
    <subfield code="c">Fehmida Shuakat Yusaf</subfield>
  </datafield>
  <datafield tag="260" ind1=" " ind2=" ">
    <subfield code="a">Lahore :</subfield>
    <subfield code="b">jjm ,</subfield>
    <subfield code="c">2013.</subfield>
  </datafield>
  <datafield tag="300" ind1=" " ind2=" ">
    <subfield code="a">360 p. ;</subfield>
  </datafield>
  <datafield tag="500" ind1=" " ind2=" ">
    <subfield code="a">Hardcover.</subfield>
  </datafield>
  <datafield tag="880" ind1=" " ind2=" ">
    <subfield code="6">100-01\r</subfield>
    <subfield code="a">&#x641;&#x6C1;&#x645;&#x6CC;&#x62F;&#x6C1; &#x634;&#x648;&#x6A9;&#x62A; &#x6CC;&#x648;&#x633;&#x641;</subfield>
  </datafield>
  <datafield tag="880" ind1=" " ind2=" ">
    <subfield code="6">245-02\r</subfield>
    <subfield code="a">&#x6CC;&#x627;&#x62F;&#x648;&#x6BA; &#x6A9;&#x6CC; &#x6AF;&#x632;&#x631;&#x6AF;&#x627;&#x6C1; &#x6A9;&#x627; &#x62E;&#x648;&#x634;&#x6AF;&#x648;&#x627;&#x631; &#x633;&#x641;&#x631;</subfield>
  </datafield>
  <datafield tag="942" ind1=" " ind2=" ">
    <subfield code="2">ddc</subfield>
    <subfield code="c">BK</subfield>
  </datafield>
  <datafield tag="952" ind1=" " ind2=" ">
    <subfield code="0">0</subfield>
    <subfield code="1">0</subfield>
    <subfield code="2">ddc</subfield>
    <subfield code="4">0</subfield>
    <subfield code="7">0</subfield>
    <subfield code="a">CL</subfield>
    <subfield code="b">CL</subfield>
    <subfield code="d">2019-06-24</subfield>
    <subfield code="l">0</subfield>
    <subfield code="o">920  YUS</subfield>
    <subfield code="p">CL-E-1849</subfield>
    <subfield code="r">2019-06-24</subfield>
    <subfield code="w">2019-06-24</subfield>
    <subfield code="y">BK</subfield>
  </datafield>
</record>
